Discursos

Сохранить в:
Библиографические подробности
Главный автор: Isócrates (Автор)
Формат:
Язык:испанский
Опубликовано: Madrid Gredos 1979
Серии:Biblioteca Clásica Gredos
Предметы:
Метки: Добавить метку
Нет меток, Требуется 1-ая метка записи!

MARC

LEADER 00000nam a2200000 a 4500
001 UCP8985
003 CL-VaPUC
008 000317e19790000SP |||||||||||||||||spa|d
082 0 4 |a 885  |b ISO  |2 21 
100 |a Isócrates  |e author  |9 489541 
245 1 0 |a Discursos 
300 |a 2 v 
942 |c BK 
945 |d 20000317 00:00:00  |a crobeson 
260 |a Madrid  |b Gredos  |c 1979 
650 0 |a Oratoria griega  |9 265027 
650 7 |a LITERATURA GRIEGA  |2 CL-VaPUC  |9 258054 
583 |a last modification  |c 20000317 00:00:00  |k Rodrigo Vera 
490 0 |a Biblioteca Clásica Gredos 
999 |c 285838  |d 285836 
952 |0 0  |1 0  |4 0  |6 885_000000000000000_ISO_1979  |7 0  |8 X  |9 330642  |a BIBHIS  |b BIBHIS  |d 2019-11-20  |h v.1  |i 1396625  |l 1  |o 885 ISO 1979  |p 1396625  |r 2024-01-30  |s 2022-09-13  |w 2019-11-20  |y BK_X  |k HIS 
952 |0 0  |1 0  |4 0  |6 885_000000000000000_ISO_1979  |7 0  |8 X  |9 330643  |a BIBHIS  |b BIBHIS  |d 2019-11-20  |h v.2  |i 1396633  |l 1  |o 885 ISO 1979  |p 1396633  |r 2024-01-30  |s 2022-09-13  |w 2019-11-20  |y BK_X  |k HIS